000 00462nam a2200157 a 4500
001 1067
005 20180713181142.0
008 140415s1980 xxu 000 0 eng d
041 _aeng
082 _a634.982
_bFIR
245 0 0 _aFIREWOOD CROPS :
_bSHRUB AND TREE SPECIES FOR ENEGY PRODUCTION
250 _a1a ed.
260 _aESTADOS UNIDOS DE AMERICA :
_bNATIONAL ACADEMY OF SCIENCES,
_c1980
300 _a237
650 1 4 _aEXPLOTACION FORESTAL
999 _c1067
_d1067